The letters of Edgar Allan Poe / (Record no. 17444)
[ view plain ]
| 000 -LEADER | |
|---|---|
| fixed length control field | 00932nam a2200253 a 4500 |
| 001 - CONTROL NUMBER | |
| control field | 17444 |
| 003 - CONTROL NUMBER IDENTIFIER | |
| rucl marc code | BD-RjUL |
| 005 - DATE AND TIME OF LATEST TRANSACTION | |
| control field | 20211209000136.0 |
| 008 - FIXED-LENGTH DATA ELEMENTS--GENERAL INFORMATION | |
| fixed length control field | 880808s1948 maua b 000 0aeng |
| 035 ## - SYSTEM CONTROL NUMBER | |
| System control number | 48-09083 |
| System control number | (BD-RjUL)17502 |
| 040 ## - CATALOGING SOURCE | |
| Original cataloging agency | DLC |
| Transcribing agency | KSU |
| Modifying agency | OCL |
| -- | KSU |
| -- | m.c |
| -- | m/c |
| -- | BD-RjUL |
| Language of cataloging | eng |
| 041 ## - LANGUAGE CODE | |
| Language code of text/sound track or separate title | eng |
| 082 ## - DEWEY DECIMAL CLASSIFICATION NUMBER | |
| Classification number | 928.1 |
| Author mark and year | POL 1948 |
| 245 14 - TITLE STATEMENT | |
| Title | The letters of Edgar Allan Poe / |
| Statement of responsibility, etc. | edited by John Ward Ostrom |
| 260 ## - PUBLICATION, DISTRIBUTION, ETC. (IMPRINT) | |
| Place of publication, distribution, etc. | Cambridge, Mass : |
| Name of publisher, distributor, etc. | Harvard University Press, |
| Date of publication, distribution, etc. | 1948 |
| 300 ## - PHYSICAL DESCRIPTION | |
| Pagination | 2 v. (xxviii, 664 p.) : |
| Illustrations | ill ; |
| Size | 25 cm |
| 500 ## - GENERAL NOTE | |
| General note | "A continuation and an expansion of the editor's A checklist of letters to and from Poe, pub. as no. 4 in the Bibliographical series... of the University of Virginia." |
| 504 ## - BIBLIOGRAPHY, ETC. NOTE | |
| Bibliography, etc | "Bibliography and list of manuscript collections": p. [547]-557 |
| 700 1# - ADDED ENTRY--PERSONAL NAME | |
| Personal name | Ostrom, John Ward, |
| Dates associated with a name | 1903- |
| 942 ## - ADDED ENTRY ELEMENTS (KOHA) | |
| Source of classification or shelving scheme | Dewey Decimal Classification |
| Koha item type | Books |
| Lost status | Source of classification or shelving scheme | Damaged status | Not for loan | Collection code | Permanent Location | Current Location | Shelving location | Date acquired | Source of acquisition | Cost, normal purchase price | Total Checkouts | Full call number | Date last seen | Copy number | Koha item type |
|---|---|---|---|---|---|---|---|---|---|---|---|---|---|---|---|
| Dewey Decimal Classification | Not For Loan | Non-fiction | Central Library, University of Rajshahi | Central Library, University of Rajshahi | Reading Room | 09/08/1955 | O.U.P | 40.00 | 928.1 POL 1948 | 17/02/2014 | C-1 | Books | |||
| Dewey Decimal Classification | Non-fiction | Central Library, University of Rajshahi | Central Library, University of Rajshahi | 09/08/1955 | O. U. P. | 40.00 | 928.1 POL 1948 | 10/03/2014 | C-2 | Books |